000
00292nam a22001217a 4500
008
180420b xxu||||| |||| 00| 0 eng d
041
_a
eng
080
_a
043.3
100
_a
0
101
_a
SHKI-BA
245
_a
Zhvillimi i nje Dashboard Platforme per Menaxhim
_c
Gjocaj, B
942
_2
udc
_c
BK
999
_c
45348
_d
45348